00428 a2200169 450000500170000001000130001702000210003003500130005103700160006408200130008024500650009326000280015827000140018630000220020070000180022270000180024020240513162704.0 aB-759020 a0198292043c0.00 aB-759020 bGift/Unesco a363.5492 aIndian Development/cEdited by- Jean Dreze [and] Amartya Sen aNew DelhibOxfordc1997 bNew Delhi a420 p.c22cm (Hb) aDrez e, Jean  aSen, Amartya